Etudes sur l'huille antiphylloxérique Alexis Roux / (Record no. 165326)

MARC details
000 -LEADER
campo de control de longitud fija 00614nam a2200169 i 4500
001 - NÚMERO DE CONTROL
campo de control 165326
003 - IDENTIFICADOR DE NÚMERO DE CONTROL
campo de control ES-MaACL
005 - FECHA Y HORA DE LA ÚLTIMA TRANSACCIÓN
campo de control 20230906213120.0
008 - DATOS DE LONGITUD FIJA--INFORMACIÓN GENERAL
campo de control de longitud fija 050819s1883 fr a | |||||||| ||fre d
040 ## - FUENTE DE CATALOGACIÓN
Centro catalogador/agencia de origen CAM
Lengua de catalogación spa
Centro/agencia transcriptor CAM
100 1# - ENTRADA PRINCIPAL--NOMBRE DE PERSONA
Nombre de persona Sicard, Adrien.
9 (RLIN) 132709
245 10 - MENCIÓN DEL TÍTULO
Título Etudes sur l'huille antiphylloxérique Alexis Roux /
Mención de responsabilidad, etc. par Adrien Sicard.
260 ## - PUBLICACIÓN, DISTRIBUCIÓN, ETC.
Lugar de publicación, distribución, etc. Marseille :
Nombre del editor, distribuidor, etc. Camoin,
Fecha de publicación, distribución, etc. 1883 (
Fabricante Typ. et lith. Cayer & Cie)
300 ## - DESCRIPCIÓN FÍSICA
Extensión 67 p., X h. pleg. de lám. ;
Dimensiones 26 cm.
650 #4 - PUNTO DE ACCESO ADICIONAL DE MATERIA--TÉRMINO DE MATERIA
Término de materia o nombre geográfico como elemento de entrada Filoxera.
9 (RLIN) 136118
852 ## - LOCALIZACIÓN
Ubicación ES-MaACL
Número de control de estantería T-670-F-6
Nota libre -- Enc. hol. conservando la cub. original
-- -- Enc. en un vol. facticio
Holdings
Estatus retirado Estado de pérdida Estado de daño No para préstamo Colección Biblioteca de origen Biblioteca actual Ubicación en estantería Fecha de adquisición Total de préstamos Signatura topográfica completa Código de barras Visto por última vez Precio de reemplazo Tipo de ítem Koha
        Colección de folletos Biblioteca del Ateneo de Madrid Biblioteca del Ateneo de Madrid Depósito folletos 17/01/2008   T-670-F-6 1173361 23/02/2023 23/02/2023 Folleto